<?xml version="1.0" encoding="UTF-8"?>
<record
    xmlns:xsi="http://www.w3.org/2001/XMLSchema-instance"
    xsi:schemaLocation="http://www.loc.gov/MARC21/slim http://www.loc.gov/standards/marcxml/schema/MARC21slim.xsd"
    xmlns="http://www.loc.gov/MARC21/slim">

  <leader>00803nam a22001937a 4500</leader>
  <datafield tag="999" ind1=" " ind2=" ">
    <subfield code="c">187030</subfield>
    <subfield code="d">187030</subfield>
  </datafield>
  <controlfield tag="005">20220328124335.0</controlfield>
  <datafield tag="010" ind1=" " ind2=" ">
    <subfield code="a">UR-11496</subfield>
  </datafield>
  <datafield tag="020" ind1=" " ind2=" ">
    <subfield code="c">400.00</subfield>
    <subfield code="a">9835467865463</subfield>
  </datafield>
  <datafield tag="035" ind1=" " ind2=" ">
    <subfield code="a">U-10051</subfield>
  </datafield>
  <datafield tag="037" ind1=" " ind2=" ">
    <subfield code="b">DBAD/PUB</subfield>
    <subfield code="a">-</subfield>
  </datafield>
  <datafield tag="082" ind1=" " ind2=" ">
    <subfield code="a">920.270</subfield>
    <subfield code="2">Ist</subfield>
  </datafield>
  <datafield tag="100" ind1=" " ind2=" ">
    <subfield code="a">&#x633;&#x64A;&#x62F; &#x634;&#x627; &#x6C1; &#x645;&#x62D;&#x645;&#x62F; &#x622; &#x64A;&#x62A; &#x627; &#x644;&#x644;&#x6C1; &#x642;&#x627; &#x62F; &#x631; &#x6CC; </subfield>
  </datafield>
  <datafield tag="245" ind1=" " ind2=" ">
    <subfield code="a">&#x62E;&#x644;&#x627; &#x641;&#x62A; &#x648; &#x645;&#x644;&#x6A9;&#x648; &#x64A;&#x62A; &#x627; &#x648; &#x631; &#x62D;&#x636;&#x631; &#x62A; &#x639;&#x645;&#x631; &#x628;&#x646; &#x639;&#x628;&#x62F; &#x627;&#x644;&#x639;&#x632; &#x64A;&#x632;</subfield>
    <subfield code="c"> &#x633;&#x64A;&#x62F; &#x634;&#x627; &#x6C1; &#x645;&#x62D;&#x645;&#x62F; &#x622; &#x64A;&#x62A; &#x627; &#x644;&#x644;&#x6C1; &#x642;&#x627; &#x62F; &#x631; &#x6CC; </subfield>
  </datafield>
  <datafield tag="246" ind1=" " ind2=" ">
    <subfield code="b">Khilafat-o-Malkooiyat Aur Hazrat Umar Bin Abdulaziz(Urdu)</subfield>
    <subfield code="a">by Sayeed Shah Mohd. Aayatullah Qadri</subfield>
  </datafield>
  <datafield tag="260" ind1=" " ind2=" ">
    <subfield code="a">Bihar</subfield>
    <subfield code="b">Darul Ashaat Khanqah-e-Mujibia</subfield>
    <subfield code="c">2021&#x621;  </subfield>
  </datafield>
  <datafield tag="270" ind1=" " ind2=" ">
    <subfield code="a">Phulwari Sharif, </subfield>
    <subfield code="b">Patna</subfield>
    <subfield code="e">801505</subfield>
    <subfield code="k">+91-7250433562</subfield>
    <subfield code="l">-</subfield>
  </datafield>
  <datafield tag="300" ind1=" " ind2=" ">
    <subfield code="a">424 &#x635;</subfield>
    <subfield code="c">22 Cm(Hb)</subfield>
  </datafield>
  <datafield tag="942" ind1=" " ind2=" ">
    <subfield code="2">ddc</subfield>
    <subfield code="c">UR</subfield>
    <subfield code="h">920.270</subfield>
    <subfield code="m">&#x645; &#x62D; &#x645; </subfield>
  </datafield>
  <datafield tag="952" ind1=" " ind2=" ">
    <subfield code="0">0</subfield>
    <subfield code="1">0</subfield>
    <subfield code="4">0</subfield>
    <subfield code="7">1</subfield>
    <subfield code="8">NFIC</subfield>
    <subfield code="a">DBAD</subfield>
    <subfield code="b">L</subfield>
    <subfield code="d">2022-03-28</subfield>
    <subfield code="e">DBAD/PUB</subfield>
    <subfield code="g">400.00</subfield>
    <subfield code="l">0</subfield>
    <subfield code="o">920.270 &#x645; &#x62D; &#x645;</subfield>
    <subfield code="p">U-10051</subfield>
    <subfield code="r">2022-03-28 00:00:00</subfield>
    <subfield code="t">1</subfield>
    <subfield code="v">400.00</subfield>
    <subfield code="w">2022-03-28</subfield>
    <subfield code="y">UR</subfield>
  </datafield>
</record>
